Winnie the Pooh Characters by Picture - Statistics

General Stats
  • This quiz has been taken 140 times
  • The average score is 6 of 7
Answer Stats
Picture Answer % Correct
Winnie the Pooh
98%
Piglet
95%
Tigger
94%
Rabbit
91%
Roo
91%
Eeyore
86%
Christopher Robin
82%
No matching quizzes found
Score Distribution
Percent of People with Each Score
Percentile by Number Answered
Your Score History
You have not taken this quiz